Le film selon la citation - Statistiques

Statistiques générales
  • Ce quiz a été pris 77 fois
  • Le résultat moyen est 7 sur 15
Statistiques - réponses
Hint Réponse % Correct
"Que la Force soit avec toi." Star Wars
96%
"La vie, c’est comme une boîte de chocolats." Forest Gump
80%
"Mon précieux." Le Seigneur des Anneaux
80%
"Je suis le roi du monde !" Titanic
80%
"Vers l’infini et au-delà !" Toy Story
80%
"Je reviendrai." Terminator
71%
"Houston, on a un problème." Apollo 13
50%
"On ne laisse pas Bébé dans un coin." Dirty Dancing
40%
"Garde tes amis près de toi, et tes ennemis encore plus près." Le Parrain 2
24%
"Dis bonjour à mon petit ami !" Scarface
20%
"Voici Johnny !" Shining
19%
"Tu me parles ?" Taxi Driver
17%
"Pourquoi est-ce que tu souris autant ?" The Dark Knight
6%
"Vous ne pouvez pas gérer la vérité !" Des hommes d'honneur
1%
"Hasta la vista, baby." Terminator 2 : le Jugement Dernier
1%
Aucun quiz correspondant
Distribution des résultats
% des personnes avec chaque résultat
Percentile par nombre de réponses
Votre historique - résultats
Vous n’avez pas pris ce quiz